Pro PHP Programming (Record no. 2960)

MARC details
000 -LEADER
fixed length control field 00761nam a22002657a 4500
003 - CONTROL NUMBER IDENTIFIER
control field OSt
005 - DATE AND TIME OF LATEST TRANSACTION
control field 20220107122712.0
008 - FIXED-LENGTH DATA ELEMENTS--GENERAL INFORMATION
fixed length control field 130516b xxu||||| |||| 00| 0 eng d
020 ## - INTERNATIONAL STANDARD BOOK NUMBER
International Standard Book Number 9788132204336
040 ## - CATALOGING SOURCE
Transcribing agency IIITM-K
082 ## - DEWEY DECIMAL CLASSIFICATION NUMBER
Classification number 006.74P MAC/P
100 ## - MAIN ENTRY--PERSONAL NAME
Personal name Maclntyre, Peter
9 (RLIN) 158
245 ## - TITLE STATEMENT
Title Pro PHP Programming
Statement of responsibility, etc. by Peter Maclntyre, Brian Danchilla, Mladen Gogala
260 ## - PUBLICATION, DISTRIBUTION, ETC.
Place of publication, distribution, etc. New Delhi,
Name of publisher, distributor, etc. Springer,
Date of publication, distribution, etc. 2011.
300 ## - PHYSICAL DESCRIPTION
Extent xxii,418p.
440 ## - SERIES STATEMENT/ADDED ENTRY--TITLE
Title The expert's voice n open source
9 (RLIN) 159
650 ## - SUBJECT ADDED ENTRY--TOPICAL TERM
Topical term or geographic name entry element COMPUTER SCIENCE
9 (RLIN) 160
650 ## - SUBJECT ADDED ENTRY--TOPICAL TERM
Topical term or geographic name entry element WEB TECHNOLOGY
9 (RLIN) 161
650 ## - SUBJECT ADDED ENTRY--TOPICAL TERM
Topical term or geographic name entry element WEB DESIGNING
9 (RLIN) 323
650 ## - SUBJECT ADDED ENTRY--TOPICAL TERM
Topical term or geographic name entry element PHP
9 (RLIN) 325
650 ## - SUBJECT ADDED ENTRY--TOPICAL TERM
Topical term or geographic name entry element OPEN SOURCE SOFTWARE
9 (RLIN) 984
700 ## - ADDED ENTRY--PERSONAL NAME
Personal name Danchilla, Brian
9 (RLIN) 162
700 ## - ADDED ENTRY--PERSONAL NAME
Personal name Gogala, Mladen
9 (RLIN) 163
942 ## - ADDED ENTRY ELEMENTS (KOHA)
Source of classification or shelving scheme Dewey Decimal Classification
Koha item type Books
Holdings
Withdrawn status Lost status Source of classification or shelving scheme Damaged status Not for loan Collection code Home library Current library Shelving location Date acquired Cost, normal purchase price Total Checkouts Full call number Barcode Date last seen Date last checked out Price effective from Koha item type
    Dewey Decimal Classification     HTML/ PHP/ MYSQL Kerala University of Digital Sciences, Innovation and Technology Knowledge Centre Kerala University of Digital Sciences, Innovation and Technology Knowledge Centre Computer Science 16/05/2013 412.00 3 006.74P MAC/P 2646 03/12/2020 04/12/2015 16/05/2013 Books